| Поле | Инд. | ПП | Название | Значение |
|---|---|---|---|---|
| Тип записи | a | |||
| Библиографический уровень | b | |||
| 001 | Контрольный номер | UNIDUBNA5a3aa4e802b44e44827024504d40ac79 | ||
| 005 | Дата корректировки | 20240621163658.4 | ||
| 008 | Кодируемые данные | 20170331 | ||
| 040 | b | Код языка каталог. | rus | |
| e | Правила каталог. | PSBO | ||
| 041 | 0_ | a | Код языка текста | rus |
| 084 | a | Индекс другой классификации/Индекс ББК | 60.992-36; 88.945 | |
| 100 | 1_ | a | Автор | Федосюк Н. В. |
| 245 | 10 | a | Заглавие | Применение игротерапии в практике работы психолога с гражданами пожилого возраста |
| 504 | a | Библиография | Лит. | |
| 520 | 0_ | a | Аннотация | Игротерапия настольными играми стала эффективным инструментом для работы с пожилыми людьми в ходе социально-психологической реабилитации. Безопасная атмосфера игры и возможность обсуждения игрового процесса стали преимуществами данного метода психологического воздействия. Увлечение игровыми занятиями приносит пожилым людям положительный коррекционно-развивающий эффект: приобретается полноценное эмоциональное межличностное общение, улучшается общее самочувствие и стимулируются когнитивные процессы. |
| 650 | 14 | a | Основная рубрика | практическая психология (прикладная психология) |
| a | Основная рубрика | психология | ||
| a | Основная рубрика | психотерапия | ||
| a | Основная рубрика | социальная работа | ||
| 653 | 0_ | a | Ключевые слова | активное долголетие |
| a | Ключевые слова | групповые игры | ||
| a | Ключевые слова | защита от стресса | ||
| a | Ключевые слова | игротерапия | ||
| a | Ключевые слова | качество жизни | ||
| a | Ключевые слова | когнитивные способности | ||
| a | Ключевые слова | командные игры | ||
| a | Ключевые слова | комфортная среда | ||
| a | Ключевые слова | межличностное общение | ||
| a | Ключевые слова | методы коррекции | ||
| a | Ключевые слова | настольные игры | ||
| a | Ключевые слова | невербальная коммуникация | ||
| a | Ключевые слова | пожилые люди | ||
| a | Ключевые слова | продолжительность жизни | ||
| a | Ключевые слова | психокоррекция | ||
| a | Ключевые слова | психосоциальная реабилитация | ||
| a | Ключевые слова | психотерапевтические методы | ||
| a | Ключевые слова | психоэмоциональное благополучие | ||
| a | Ключевые слова | развивающие игры | ||
| a | Ключевые слова | самовосстановление | ||
| a | Ключевые слова | социализация | ||
| a | Ключевые слова | социальное взаимодействие | ||
| a | Ключевые слова | социальное обслуживание | ||
| a | Ключевые слова | социально-психологическая помощь | ||
| a | Ключевые слова | социально-психологические методы | ||
| a | Ключевые слова | социально-психологическое благополучие | ||
| a | Ключевые слова | социально-психологическое сопровождение | ||
| 773 | 08 | t | Заглавие источника | Работник социальной службы |
| d | Дата издания источника | 2023 | ||
| g | Прочая информация | № 2. - С. 45 - 56 | ||
| w | Контрольный № источника | UNIDUBNAded786d9511c41638c8c9ffc55fb48cb | ||
| 901 | t | Тип документа | b |